000 01400cab a2200241 4500
001 ABS68589
008 041217n2004 000 0 eng u
035 _a(Sirsi) u128353
100 _aLisney, R.
245 _aWaste as a resource: a discussion paper on the changes needed for the development of a resource recover based waste strategy
260 _c2004
490 _aScientific and Technical Review
_v5(2) December 2004, 11-21(11)
520 _aA fundamental change in approach is needed if sustainable waste management solutions are to be found that can offer compliance with both current and forthcoming environmental regulations. Presents an alternative way of thinking about waste aimed at its more efficient exploitation as a natural resource, minimisation of its environmental impact and maximisation of the associated economic development opportunities. Makes recommendations concerning key actions required by strategists and decision makers at a national and local level that are needed to bring about the changes necessary to maximise the resource potential from waste. [Taken from journal abstract.]
590 _aABS
650 _aRESOURCE MANAGEMENT
650 _aSUSTAINABLE DEVELOPMENT
650 _aRECYCLING
650 _aWASTE POLICY
690 _aENVIRONMENTAL AND LAND CONSULTANCY-WASTE MANAGEMENT
700 _aRiley, K.
700 _aBanks, C.
942 _n0
999 _c74684
_d74684